000 00493nam a2200193Ia 4500
003 LK-CoDNM
005 20240202101403.0
008 010623t1932 xxu||||| |||| 00| 1 sin d
040 _aLK-CoDNM
_dLK-CoDNM
_eLK-CoDNM
041 _asin
080 _a104
_bO 14
100 _aMahendrapada,Sri
245 _aහෝරාභරණය
246 _aHooraabharanaya
260 _bM.M.P.Wijayarathna
_aColombo
_c1932
300 _bXXXIII,211p., iill, 21 cm
650 _aAstrology
942 _cBK
999 _c96524
_d96524